مكتبة جامعة عجلون الوطنية

فهرس بحث المكتبة

Normal view MARC view
  • إعداد وتقديم ومشاركة الشمالي،نضال ... وآخرون

Entry Personal Name

Number of records used in: 1

001 - CONTROL NUMBER

  • control field: 49206

003 - CONTROL NUMBER IDENTIFIER

  • control field: JO-AjAnu

005 - DATE AND TIME OF LATEST TRANSACTION

  • control field: 20230606082117.0

008 - FIXED-LENGTH DATA ELEMENTS

  • fixed length control field: 230606|| aca||aabn | a|a d

040 ## - CATALOGING SOURCE

  • Original cataloging agency: JO-AjAnu
  • Transcribing agency: JO-AjAnu

100 ## - HEADING--PERSONAL NAME

  • Personal name: إعداد وتقديم ومشاركة الشمالي،نضال ... وآخرون

670 ## - SOURCE DATA FOUND

  • Source citation: Work cat.: (JO-AjAnu)25166: إعداد وتقديم ومشاركة الشمالي،نضال ... وآخرون , author, قضايا في الرواية الأردنية ودراسات في خطاب الأستاذ الدكتور نبيل حداد في نقد الرواية